| 000 | 00353cam a2200145ua 4500 | ||
|---|---|---|---|
| 041 |
_aeng _h |
||
| 082 |
_a823.308 _bNAR/GU |
||
| 100 | _aNarayanan, R K . | ||
| 245 |
_aGuide / _cR K Narayanan. _hTextual Documents |
||
| 260 |
_aMysore : _bIndian Thought Publications , _c1966. |
||
| 300 | _a221 ; . | ||
| 504 | _a | ||
| 942 | _cBK | ||
| 999 |
_c6026 _d6026 |
||